Sports Quiz

Random Sports or Baseball Quiz

MLB Top 100 in base hits in the 1970's. Quiz Stats

 Plays Quiz not verified by Sporcle

Challenge
Share
Tweet
Embed
Score 0/100 Timer 15:00
2 Plays Today
Hits Hitter % Correct
2045Pete Rose
99.1%
1787Rod Carew
98%
1410Reggie Jackson
94.8%
1082George Brett
94.5%
1451Joe Morgan
93.6%
1560Tony Perez
93.3%
1469Steve Garvey
93.2%
1396Johnny Bench
93%
1617Lou Brock
91.8%
947Mike Schmidt
91.8%
1355Reggie Smith
91.3%
1261Willie Stargell
91.2%
1536Thurman Munson
88.4%
1461Lee May
88.1%
1007Ron Cey
88.1%
1012Carlos May
88%
1268Dave Concepcion
87.2%
1386Roy White
86.9%
1044Dave Parker
86.2%
976Jim Rice
86%
1098Darrell Evans
85.6%
1441Graig Nettles
85.5%
1492Carl Yastrzemski
85.3%
1565Bobby Bonds
84.5%
959Carlton Fisk
83.5%
1487Rusty Staub
83.4%
917Brooks Robinson
83.4%
1021Davey Lopes
82.6%
1552Larry Bowa
81.5%
1549Amos Otis
81.3%
1686Al Oliver
80.9%
1279Bill Russell
80.6%
1215Greg Luzinski
79.8%
1044George Foster
79.7%
Hits Hitter % Correct
1422Cesar Cedeno
78.5%
1372Sal Bando
78.4%
980Dave Winfield
78.3%
1055Billy Williams
77%
1053Bobby Grich
76.8%
1550Ted Simmons
76.7%
1548Bobby Murcer
76.6%
1199Hal McRae
75.9%
1151Dusty Baker
75.6%
1254Joe Rudi
75.4%
1475George Scott
74.8%
1382Chris Chambliss
74.5%
1464Dave Cash
72.3%
1392Ken Singleton
71.3%
1283Bert Campaneris
71%
1107Don Baylor
71%
1073Rick Monday
70.8%
991Bill Madlock
70.6%
1081Joe Torre
70.5%
931Willie McCovey
70%
1024Jose Cruz
69.2%
1198Willie Davis
68.2%
1038Jeff Burroughs
67.8%
1129John Mayberry
67.1%
1246Garry Maddox
67%
1546Ralph Garr
66.3%
1323Manny Sanguillen
66.2%
1270Bill Buckner
65.8%
1138Mickey Rivers
65%
1216Buddy Bell
64.6%
1151Toby Harrah
63.6%
1225Willie Horton
62.3%
1281Lou Piniella
62.2%
934Mark Belanger
59.5%
Hits Hitter % Correct
1094Freddie Patek
57.7%
1108Gary Matthews
57.6%
1507Bob Watson
57.1%
1020Richie Zisk
55.5%
1308Don Money
54.8%
1240Richie Hebner
54.5%
1056Rico Carty
53.5%
1049George Hendrick
53.2%
915Paul Blair
52.9%
970Ron LeFlore
52.3%
935Rick Burleson
49.8%
973Larry Hisle
49.4%
1122Rennie Stennett
49.1%
1437Willie Montanez
48.3%
1128Chris Speier
44.9%
1010Ken Henderson
43.1%
1249Don Kessinger
42.2%
1054Tim Foli
41.6%
1192Aurelio Rodriguez
39.4%
1046Ken Reitz
37.5%
1221Felix Millan
36.9%
1146Ted Sizemore
35%
1002Jorge Orta
33.7%
1019Doug Rader
31.7%
1209Tito Fuentes
27.4%
1221Jose Cardenal
27%
994Jim Spencer
24.6%
970Roger Metzger
24.2%
994Del Unser
23.5%
926Cesar Tovar
21.7%
996Jerry Morales
21.2%
965Pat Kelly
19.2%

You're not logged in!

Compare scores with friends on all Sporcle quizzes.
OR
Log In

You Might Also Like...

Show Comments

Extras

Top Quizzes Today


Score Distribution

Your Account Isn't Verified!

In order to create a playlist on Sporcle, you need to verify the email address you used during registration. Go to your Sporcle Settings to finish the process.

Report this User

Report this user for behavior that violates our Community Guidelines.

Details: